000 00542nam a2200253Ia 4500
003 IT-RoPAU
008 120407s9999 xx 000 0 und d
040 _aIT-RoPAU
040 _cIT-RoPAU
041 _aita
100 _aRené Porak
245 _aL’animo cinese. Con un saggio di Furio Jesi
250 _aTorino
260 _aSaie
260 _c1959
300 _a362 p.
300 _c18 cm
490 _aBiblioteca culturale
490 _v1
700 _aFurio Jesi
700 _ccoll.
942 _cBK
999 _c33392
_d33392